000 00436nam a2200145Ia 4500
999 _c19870
_d19870
082 _a305.4206 WOM-S
245 0 _aSeminar on women in modern political and social thought
260 _aAligarh
_bthe author
_c2009
300 _av.p.
650 _aFeminism
_vCongresses
650 _a Women
_vSocial conditions
_vCongresses
700 _aCentre for Women's Studies
710 _aWomen in modern political and social thought
942 _cBK